57 'A' Movies Quiz Stats

 Plays Quiz Updated Sep 17, 2018

Also try: 57 'B' Movies
Challenge
Share
Tweet
Embed
Score 0/57 Timer 14:00
4 Plays Today
Year & Genre(s) Movie % Correct
1999: ComedyAmerican Pie
78.8%
2007: FamilyAlvin and the Chipmunks
74.6%
1995: DramaApollo 13
70%
1998: Action/AdventureArmageddon
68.8%
1980: ComedyAirplane!
67.7%
2001: Comedy/RomanceAmelie
64.2%
1997: FamilyAir Bud
63.4%
1999: DramaAmerican Beauty
61.6%
1992: AnimatedAladdin
61.3%
1997: ActionAir Force One
59.6%
1997: Adventure/HorrorAnaconda
59.2%
1978: ComedyAnimal House
56.4%
1990: Thriller/ComedyArachnophobia
56%
1994: FamilyAngels in the Outfield
56%
1995: ComedyAce Ventura: When Nature Calls
56%
1997: AnimatedAnastasia
53.6%
1977: Comedy/RomanceAnnie Hall
51.7%
1979: Horror/SciFiAlien
51.1%
1979: WarApocalypse Now
50.4%
2009: Action/SciFiAvatar
47.9%
1954: AnimatedAnimal Farm
46.6%
1979: HorrorThe Amityville Horror
43%
1997: DramedyAs Good as it Gets
42.7%
1998: AnimatedAntz
41.6%
2004: Adventure/WarAlexander
39.7%
2007: MusicalAcross the Universe
38.3%
2004: BiographyThe Aviator
38.3%
1998: DramaAmerican History X
37%
2009: Comedy/RomanceAdventureland
36.6%
Year & Genre(s) Movie % Correct
2000: DramaAlmost Famous
35.9%
1951: AnimatedAlice in Wonderland
34.3%
2004: Action/SciFiAVP: Alien vs. Predator
33.9%
1966: Comedy/DramaAlfie
32.1%
1984: Drama/MusicAmadeus
29.9%
1976: Drama/HistoryAll the President's Men
28.7%
2007: Romance/WarAtonement
28.5%
2005: DocumentaryThe Aristocrats
26.8%
1987: ComedyAdventures in Babysitting
26.3%
1930: WarAll Quiet on the Western Front
26.3%
1951: Adventure/RomanceThe African Queen
26.2%
1944: Comedy/ThrillerArsenic and Old Lace
24.7%
1988: DramaThe Accused
21.6%
2002: DramaAdaptation.
20%
1992: ComedyArmy of Darkness
19.4%
1960: WarThe Alamo
18.8%
2000: Drama/HorrorAmerican Psycho
18.4%
1973: DramaAmerican Graffiti
18%
1950: DramaAll About Eve
16.9%
1979: MusicalAll That Jazz
15.5%
1958: ComedyAuntie Mame
13.6%
1998: Drama/ThrillerApt Pupil
13.3%
1960: ComedyThe Apartment
11.2%
1999: ComedyAustin Powers: The Spy Who Shagged Me
9.1%
1979: DisasterAirport '79
8%
1999: HorrorAudition
7.9%
1999: DocumentaryAmerican Movie
4.5%
1951: DramaAce in the Hole
2.5%

You're not logged in!

Compare scores with friends on all Sporcle quizzes.
OR
Log In

You Might Also Like...

Show Comments

Extras

Top Quizzes Today


Score Distribution

Your Account Isn't Verified!

In order to create a playlist on Sporcle, you need to verify the email address you used during registration. Go to your Sporcle Settings to finish the process.

Report this User

Report this user for behavior that violates our Community Guidelines.

Details: